PRACTICAS DE QUIMICA GENERAL (Registro nro. 2038)

Detalles MARC
000 -LEADER
fixed length control field 01078nam a22002057a 4500
003 - CONTROL NUMBER IDENTIFIER
control field OSt
005 - DATE AND TIME OF LATEST TRANSACTION
control field 20260402113444.0
008 - FIXED-LENGTH DATA ELEMENTS--GENERAL INFORMATION
fixed length control field 260402b |||||||| |||| 00| 0 spad
082 ## - DEWEY DECIMAL CLASSIFICATION NUMBER
Edition number 997841889 x
100 ## - MAIN ENTRY--PERSONAL NAME
Personal name CARRILLO ALFONSO
245 ## - TITLE STATEMENT
Title PRACTICAS DE QUIMICA GENERAL
250 ## - EDITION STATEMENT
Edition statement 2da edición
260 ## - PUBLICATION, DISTRIBUTION, ETC.
Place of publication, distribution, etc. ECUADOR
Name of publisher, distributor, etc. GRAFITEXT cia . Ltda
Date of publication, distribution, etc. 2001
300 ## - PHYSICAL DESCRIPTION
Extent 21x14 cm
Other physical details 302 pag
490 ## - SERIES STATEMENT
Materials specified tapa blanda
520 ## - SUMMARY, ETC.
Summary, etc. la Química general por su naturaleza científica trata sobre los principios y leyes fundamentales de los cuerpos . por ello , tiene una significación especial para quien la estudia asimilar los fundamentos teóricos indispensables y obviamente dominar todo lo que se refiere a las técnicas y procesos de experimentación diaria de esta ciencia y el practico porque el trabajar constantemente con substancias en transformación implica una perenne experimentación
650 ## - SUBJECT ADDED ENTRY--TOPICAL TERM
Topical term or geographic name entry element instrucciones generales - materiales y apartados de laboratorio
General subdivision primeros auxilios
Chronological subdivision trabajo en tubo de vidrio
700 ## - ADDED ENTRY--PERSONAL NAME
Personal name CARRILLO ALFONSO
942 ## - ADDED ENTRY ELEMENTS (KOHA)
Source of classification or shelving scheme Dewey Decimal Classification
Koha item type Libros
Suppress in OPAC No
Existencias
Withdrawn status Lost status Source of classification or shelving scheme Damaged status Not for loan Collection Home library Current library Shelving location Date acquired Source of acquisition Coded location qualifier Total checkouts Full call number Barcode Date last seen Copy number Price effective from Koha item type
    Dewey Decimal Classification     Estantería F Fila 2 Biblioteca Stanford Biblioteca Stanford Biblioteca Abierta 02.04.2026 Química 0462   0462 BIBLIO0462 02.04.2026 1 02.04.2026 Libros
Bienvenido a nuestra Biblioteca